Complete the Chuck Norris Joke Quiz Stats

Quiz Updated Oct 28, 2014

Challenge
Share
Tweet
Embed
Score 0/25 Timer 04:00
1 Play Today
% Correct
Chicken
96.5%
Big Mac
96.5%
Evolution
95.7%
Connect Four
94.9%
Boogeyman
94.9%
Cheat
94.8%
Core
94.8%
SATs
94.6%
Swallow
94.4%
Cry
94.4%
Wheelie
93.9%
Swim
93.8%
Pi
93.7%
% Correct
Mars
93.4%
Can
93.2%
Fist
92.4%
Drown
91.5%
Death
91.1%
Sleep
90.5%
Revolving Door
90%
Zero
88.2%
Infinity
84.1%
Feet
83.6%
Pain
80.2%
Waldo
76.1%

You're not logged in!

Compare scores with friends on all Sporcle quizzes.
Join for Free
OR
Log In

You Might Also Like...

Show Comments

Extras

Top Quizzes Today


Score Distribution

Your Account Isn't Verified!

In order to create a playlist on Sporcle, you need to verify the email address you used during registration. Go to your Sporcle Settings to finish the process.

Report this User

Report this user for behavior that violates our Community Guidelines.

Details: